Statistics for Alliteration by Letter - H

Click here to take the quiz!

General Stats

  • This quiz has been taken 25,180 times
    (13,803 since last reset)
  • The average score is 14 of 19

Answer Stats

ClueAnswer% Correct
Stiletto shoeHigh Heels
96%
Politically correct alternative
to "Merry Christmas"
Happy Holidays
91%
Time for cheaper drinksHappy Hour
91%
History's most famous escape artistHarry Houdini
89%
Where ghosts liveHaunted House
86%
Construction worker's headwearHard Hat
85%
Playboy founderHugh Hefner
85%
Donkey's noiseHee Haw
81%
Musical genre of Tupac Shakur
and the Beastie Boys
Hip Hop
79%
It's bad news if a fox or rooster
gets in here
Hen House
77%
Male spouse who stays at homeHouse Husband
76%
U.S. President when
the Great Depression started
Herbert Hoover
72%
Toy that is a circular plastic ringHula Hoop
69%
Corporate recruiter or
trophy-gathering savage
Head Hunter
68%
Decapitated villain who terrorizes
the resident of Sleepy Hollow
Headless Horseman
66%
Place for the recently paroledHalfway House
62%
Andre the Giant's rivalHulk Hogan
50%
Aviation billionaire and
Las Vegas recluse
Howard Hughes
47%
Cut of the pig also known as
pork knuckle
Ham Hock
39%

Score Distribution

Percentile by Number Answered

Percent of People with Each Score

Your Score History

You have not taken this quiz since the last reset